Global extension systems : (Record no. 169570)

MARC details
000 -LEADER
fixed length control field 00647nam a22002057a 4500
005 - DATE AND TIME OF LATEST TRANSACTION
control field 20191125132355.0
010 ## - LCCN (DPL NO)
LC control number ENG-127006
020 ## - INTERNATIONAL STANDARD BOOK NUMBER
International Standard Book Number 9788186772461
Terms of availability 995.00
035 ## - SYSTEM CONTROL NUMBER
System control number EN-110538
037 ## - SOURCE OF ACQUISITION
Source of stock number/acquisition DBAD/PUB
082 ## - DEWEY DECIMAL CLASSIFICATION NUMBER
Classification number 320
100 ## - MAIN ENTRY--PERSONAL NAME
Personal name VER
245 ## - TITLE STATEMENT
Title Global extension systems :
Statement of responsibility, etc by Mithilesh Verma [and] Sangeeta Gupta
Remainder of title a text book /
260 ## - PUBLICATION, DISTRIBUTION, ETC. (IMPRINT)
Place of publication, distribution, etc New Delhi
Date of publication, distribution, etc 2012
Name of publisher, distributor, etc New Academic Publishers
270 ## - ADDRESS
Address 4760-61, 23, Ansari Road, Daryaganj,
City New Delhi
Postal code 110002
300 ## - PHYSICAL DESCRIPTION
Extent xv; 274p.
Dimensions 21cm(Hb)
500 ## - GENERAL NOTE
General note Includes bibliographical references
700 ## - ADDED ENTRY--PERSONAL NAME
Personal name Gupta, Sangeeta
942 ## - ADDED ENTRY ELEMENTS (KOHA)
Source of classification or shelving scheme Dewey Decimal Classification
Item type English Books
Classification part 320
Call number suffix VER
Holdings
Withdrawn status Lost status Not for loan Collection code Home library Current library Date acquired Source of acquisition Cost, normal purchase price Full call number Barcode Copy number Cost, replacement price Koha item type
    Not For Loan Non-fiction D.B.Act.Division Central Library 25/11/2019 DBAD/PUB 995.00 320 VER EN-110538 1 995.00 English Books

© Delhi Public Library
Hit Counter
free hit counter